| 000 | 00840nam a2200289 a 4500 | ||
|---|---|---|---|
| 001 | 46183 | ||
| 003 | BD-RjUL | ||
| 005 | 20211209054123.0 | ||
| 008 | 010816s1985 nyua 001 0 eng d | ||
| 020 | _a0070546851 | ||
| 035 | _a(BD-RjUL)46301 | ||
| 040 |
_aUKM _cUKM _dm.c _dBD-RjUL _beng |
||
| 041 | _aeng | ||
| 080 | _a33 | ||
| 082 |
_a330 _219 _bSAE 1985 |
||
| 100 | 1 |
_aSamuelson, Paul A. _q(Paul Anthony), _d1915-2009. _9130898 |
|
| 245 | 1 | 0 |
_aEconomics / _c Paul A. Samuelson, William D. Nordhaus, |
| 250 | _a12th ed. / | ||
| 260 |
_aNew York ; _aLondon : _bMcGraw-Hill Book Company, _cc1985 |
||
| 300 |
_axxxv, 950 p. : _bcol. ill ; _c23 cm |
||
| 500 | _aCol. ill. on lining papers | ||
| 500 | _aIncludes index | ||
| 650 | 0 |
_aEconomics _9141112 |
|
| 700 | 1 |
_aNordhaus, William D. _9141113 |
|
| 942 |
_2ddc _cBK |
||
| 999 |
_c46183 _d46183 |
||